00386nam a2200169Ia 4500008004100000020001400041050001600055100001800071245002000089245002100109260001300130260001800143260000900161300001600170300002000186300001000206170918s9999 xx 000 0 und d a440234743 bG869te 1999 aGrisham, John 4aThe testament / cby John Grisham. aCanada : bIsland Books, c1999 a533 pages : billustrations ; c17cm.